<?xml version="1.0" encoding="UTF-8"?><?xml-stylesheet type="text/xsl" href="static/style.xsl"?><OAI-PMH xmlns="http://www.openarchives.org/OAI/2.0/" xmlns:xsi="http://www.w3.org/2001/XMLSchema-instance" xsi:schemaLocation="http://www.openarchives.org/OAI/2.0/ http://www.openarchives.org/OAI/2.0/OAI-PMH.xsd"><responseDate>2026-04-17T07:07:34Z</responseDate><request verb="GetRecord" identifier="oai:www.recercat.cat:2117/406239" metadataPrefix="marc">https://recercat.cat/oai/request</request><GetRecord><record><header><identifier>oai:recercat.cat:2117/406239</identifier><datestamp>2025-07-17T13:50:13Z</datestamp><setSpec>com_2072_1033</setSpec><setSpec>col_2072_452950</setSpec></header><metadata><record xmlns="http://www.loc.gov/MARC21/slim" xmlns:dcterms="http://purl.org/dc/terms/" xmlns:xsi="http://www.w3.org/2001/XMLSchema-instance" xmlns:doc="http://www.lyncode.com/xoai" xsi:schemaLocation="http://www.loc.gov/MARC21/slim http://www.loc.gov/standards/marcxml/schema/MARC21slim.xsd">
   <leader>00925njm 22002777a 4500</leader>
   <datafield ind2=" " ind1=" " tag="042">
      <subfield code="a">dc</subfield>
   </datafield>
   <datafield ind2=" " ind1=" " tag="720">
      <subfield code="a">Rosselló i Nicolau, Maribel</subfield>
      <subfield code="e">author</subfield>
   </datafield>
   <datafield ind2=" " ind1=" " tag="260">
      <subfield code="c">2023-11</subfield>
   </datafield>
   <datafield ind2=" " ind1=" " tag="520">
      <subfield code="a">El trabajo que se presenta constata que los revestimientos son, desde mediados del siglo XIX hasta la segunda década del siglo XX, fundamentales en la defi nición de la arquitectura y, muy espacialmente, de sus interiores. Los revestimientos son recursos arquitectónicos que otorgan los valores asociados a cada una de las estancias, unos valores que cambian y se transforman en función de la expresión de cada momento y del papel de cada una de las estancias en el conjunto del edifi cio. Esta constatación se concreta en tres momentos diferenciados: las décadas centrales del siglo XIX, el cambio de siglo y, en tercer lugar, la segunda y tercera década del siglo XX. En cada uno de ellos la expresión de los interiores y los recursos utilizados son diferentes. Con el objetivo de mostrar las características de cada uno de los momentos, el escrito resigue, para cada periodo, los valores asociados a los revestimientos atendiendo a algunos de los recursos más utilizados. Además, en cada uno de los periodos, se analiza el papel que juegan los pavimentos en la defi nición de los interiores y, concretamente, se valora la aportación del Mosaico Nolla a partir de documentos y de ejemplos en los que se utiliza.</subfield>
   </datafield>
   <datafield ind2=" " ind1=" " tag="520">
      <subfield code="a">Peer Reviewed</subfield>
   </datafield>
   <datafield ind2=" " ind1=" " tag="520">
      <subfield code="a">Postprint (published version)</subfield>
   </datafield>
   <datafield tag="653" ind2=" " ind1=" ">
      <subfield code="a">Àrees temàtiques de la UPC::Edificació::Elements constructius d'edificis::Elements d'acabat</subfield>
   </datafield>
   <datafield tag="653" ind2=" " ind1=" ">
      <subfield code="a">Ceramic materials</subfield>
   </datafield>
   <datafield tag="653" ind2=" " ind1=" ">
      <subfield code="a">Revestimientos</subfield>
   </datafield>
   <datafield tag="653" ind2=" " ind1=" ">
      <subfield code="a">Pavimentos</subfield>
   </datafield>
   <datafield tag="653" ind2=" " ind1=" ">
      <subfield code="a">Siglo XIX</subfield>
   </datafield>
   <datafield tag="653" ind2=" " ind1=" ">
      <subfield code="a">Siglo XX</subfield>
   </datafield>
   <datafield tag="653" ind2=" " ind1=" ">
      <subfield code="a">Mosaico Nolla</subfield>
   </datafield>
   <datafield tag="653" ind2=" " ind1=" ">
      <subfield code="a">Materials ceràmics</subfield>
   </datafield>
   <datafield ind2="0" ind1="0" tag="245">
      <subfield code="a">El Papel de los revestimientos en los interiores del siglo XIX e inicios del XX</subfield>
   </datafield>
</record></metadata></record></GetRecord></OAI-PMH>